| 000 | 01048nam a2200241 a 4500 | ||
|---|---|---|---|
| 003 | BD-DhJNU | ||
| 005 | 20260330051350.0 | ||
| 008 | 251108s2022 bg |||g |||| 000 1|ben|d | ||
| 020 | _a9844151058 | ||
| 040 |
_aBD-DhJNU _bben _cBD-DhJNU _dBD-DhJNU |
||
| 041 | _aben | ||
| 082 |
_a891.44108 MUK _223 |
||
| 245 | 1 | 0 |
_aমুক্তিযুদ্ধের কবিতা / _cআবুল হাসনাত (সম্পাদনা) |
| 246 | _aMuktijuddher Kabita | ||
| 250 | _a1st ed. | ||
| 260 |
_aঢাকা : _bঅবসর প্রকাশনা সংস্থা, _c2022. |
||
| 300 |
_a৩৭৫ পৃ. : _bচিত্র ; _c২২ সেমি.। |
||
| 504 | _aগ্রন্থপঞ্জিগত নির্দেশিকা ও নিঘন্ট অন্তভূক্ত | ||
| 650 | _aবাংলাদেশ—ইতিহাস—মুক্তিযুদ্ধ | ||
| 650 | _aBangladesh—History—Revolution | ||
| 700 | a |
_aহাসনাত, আবুল _eসম্পাদনা |
|
| 942 | _cBK | ||
| 999 |
_c2651 _d2651 |
||